The wabet : tradition and innovation in temples of the Ptolemaic and Roman period /

Hlavní autor: Coppens, Filip, 1970-
Jazyk: Angličtina
Vydáno: Prague : Czech Institute of Egyptology, Faculty of Arts, Charles University in Prague, 2007
Témata:
Externí odkaz: Digitalizovaný dokument
Fyzický popis: 243 s. : il., mapy, plány ; 26 cm
Knihy
Uloženo v:
LEADER 02238nam a2200541 a 4500
001 nkc20071758160
003 CZ PrNK
005 20090507110903.0
007 ta
008 071010s2007 xr abe f 001 0 eng
015 |a cnb001758160 
020 |a 978-80-7308-190-4  |q (váz.) 
035 |a (OCoLC)320199498 
040 |a BOA001  |b cze  |d ABA001 
043 |a f-ua--- 
045 |a d6h- 
072 7 |a 72  |x Architektura  |2 Konspekt  |9 21 
080 |a 902:904  |2 MRF 
080 |a 726.1/.6  |2 MRF 
080 |a 251  |2 MRF 
080 |a 7.032(32)  |2 MRF 
080 |a 94(32)  |2 MRF 
080 |a (048.8)  |2 MRF 
100 1 |a Coppens, Filip,  |d 1970-  |7 mzk2009496273  |4 aut 
245 1 4 |a The wabet :  |b tradition and innovation in temples of the Ptolemaic and Roman period /  |c Filip Coppens 
260 |a Prague :  |b Czech Institute of Egyptology, Faculty of Arts, Charles University in Prague,  |c 2007 
300 |a 243 s. :  |b il., mapy, plány ;  |c 26 cm 
504 |a Obsahuje bibliografii, bibliografické odkazy a rejstřík 
648 4 |a 4. století př. Kr.-4. století po Kr. 
650 0 7 |a archeologické památky  |7 ph118576  |z Egypt  |2 czenas 
650 0 7 |a chrámy  |7 ph114250  |z starověký Egypt  |y 4. století př. Kr.-4. století po Kr.  |2 czenas 
650 0 7 |a egyptské náboženství  |7 ph202931  |2 czenas 
650 0 7 |a staroegyptské umění  |7 ph136898  |2 czenas 
650 0 9 |a archaeological monuments  |z Egypt  |2 eczenas 
650 0 9 |a temples  |z Egypt  |y 4th century B.C.-4th century A.D.  |2 eczenas 
650 0 9 |a Egyptian religion  |2 eczenas 
650 0 9 |a ancient Egyptian art  |2 eczenas 
651 7 |a starověký Egypt  |7 ge146585  |x dějiny  |y 4. století př. Kr.-4. století po Kr.  |2 czenas 
651 9 |a Egypt  |x history  |y 4th century B.C.-4th century A.D.  |2 eczenas 
655 7 |a studie  |7 fd133597  |2 czenas 
655 9 |a studies  |2 eczenas 
856 4 1 |u http://www.digitalniknihovna.cz/mzk/uuid/uuid:3dee8260-36ac-11ee-973a-005056827e51  |y Digitalizovaný dokument  |x NDK 
910 2 |a BOA001  |b 3-1220.338 
928 9 |a Český egyptologický ústav Filozofické fakulty Univerzity Karlovy v Praze 
990 |a BK 
995 |a 01 
991 |b 200903  |c NOV 
996 6 |b 2610370887  |c 3-1220.338  |l MZK  |r Sklad / do 1 hodiny  |n 1  |p p.v.  |w 000932589  |u 000010  |a 1  |e BOA001  |j MZK50  |s P